000 00471nam a2200145Ia 4500
008 200619s9999 xx 000 0 und d
020 _a981-4009-79-2
100 _aRainvile, Earl
245 _cEarl Rainville, Philip E. Bedient, Richard E. Bedient
_aElementary differential equations /
250 _a8th ed.
260 _aSingapore:
_bPearson Educational Asia Ltd.
_c2002
300 _axiii, 530 pages
500 _aIncludes index.
650 _a Differential equations.
999 _c363743
_d363743